[Event "DEM U18 2018"]
[Site "Willingen GER"]
[Date "2018.05.20"]
[Round "1"]
[White "Heldt, Nils-Lennart"]
[Black "Niermann, Tristan"]
[Result "0-1"]
[Termination "normal"]
[Board "9"]
[BlackTitle "FM"]
[WhiteElo "2070"]
[BlackElo "2327"]
[WhiteClock "00:26:07"]
[BlackClock "00:05:48"]
[PlyCount "108"]
[WhiteFideId "12952109"]
[BlackFideId "12990698"]
[EventCountry "GER"]
[EventRounds "9"]
[EventType "swiss"]
[EventDate "2018.05.19"]

1. e4 {[%clk 1:30:50]} 1... e5 {[%clk 1:30:56]} 2. Nf3 {[%clk 1:31:08]} 2...
Nc6 {[%clk 1:31:23]} 3. d4 {[%clk 1:31:24]} 3... exd4 {[%clk 1:31:41]} 4. Nxd4
{[%clk 1:31:46]} 4... Nxd4 {[%clk 1:31:49]} 5. Qxd4 {[%clk 1:32:06]} 5... Ne7 {
[%clk 1:32:16]} 6. Be3 {[%clk 1:23:23]} 6... Nc6 {[%clk 1:32:09]} 7. Qd2 {
[%clk 1:22:10]} 7... Bb4 {[%clk 1:31:20]} 8. c3 {[%clk 1:20:53]} 8... Be7 {
[%clk 1:31:38]} 9. Be2 {[%clk 1:21:07]} 9... O-O {[%clk 1:31:43]} 10. O-O {
[%clk 1:20:31]} 10... d6 {[%clk 1:27:09]} 11. Na3 {[%clk 1:16:11]} 11... f5 {
[%clk 1:23:49]} 12. exf5 {[%clk 1:12:11]} 12... Bxf5 {[%clk 1:23:28]} 13. Nc2 {
[%clk 1:11:49]} 13... Qd7 {[%clk 1:17:40]} 14. Bb5 {[%clk 1:03:24]} 14... a6 {
[%clk 1:10:49]} 15. Ba4 {[%clk 1:02:38]} 15... Qc8 {[%clk 0:44:11]} 16. Bb3+ {
[%clk 0:51:39]} 16... Kh8 {[%clk 0:43:30]} 17. Nd4 {[%clk 0:51:52]} 17... Na5 {
[%clk 0:35:11]} 18. Bd5 {[%clk 0:30:23]} 18... c6 {[%clk 0:29:18]} 19. Nxf5 {
[%clk 0:30:17]} 19... Qxf5 {[%clk 0:15:16]} 20. Bb3 {[%clk 0:27:55]} 20... Nxb3
{[%clk 0:15:37]} 21. axb3 {[%clk 0:28:18]} 21... d5 {[%clk 0:15:38]} 22. b4 {
[%clk 0:27:28]} 22... Rae8 {[%clk 0:15:34]} 23. Rae1 {[%clk 0:27:21]} 23... Kg8
{[%clk 0:14:46]} 24. Bc5 {[%clk 0:22:28]} 24... Bxc5 {[%clk 0:12:29]} 25. bxc5
{[%clk 0:22:23]} 25... h5 {[%clk 0:09:17]} 26. h3 {[%clk 0:21:17]} 26... Kh7 {
[%clk 0:05:03]} 27. Re2 {[%clk 0:17:21]} 27... Rxe2 {[%clk 0:03:06]} 28. Qxe2 {
[%clk 0:17:44]} 28... Qg6 {[%clk 0:03:29]} 29. Re1 {[%clk 0:17:18]} 29... Rf4 {
[%clk 0:03:46]} 30. Qe8 {[%clk 0:12:26]} 30... Qxe8 {[%clk 0:02:26]} 31. Rxe8 {
[%clk 0:12:49]} 31... Rc4 {[%clk 0:02:26]} 32. Rb8 {[%clk 0:12:34]} 32... Rxc5
{[%clk 0:02:45]} 33. Rxb7 {[%clk 0:12:54]} 33... Rb5 {[%clk 0:02:06]} 34. Ra7 {
[%clk 0:11:04]} 34... a5 {[%clk 0:02:24]} 35. g3 {[%clk 0:09:20]} 35... Kg6 {
[%clk 0:02:02]} 36. Ra6 {[%clk 0:09:04]} 36... Kf5 {[%clk 0:01:35]} 37. Rxc6 {
[%clk 0:08:45]} 37... Ke4 {[%clk 0:01:53]} 38. c4 {[%clk 0:06:46]} 38... Rxb2 {
[%clk 0:01:26]} 39. cxd5 {[%clk 0:06:24]} 39... Kxd5 {[%clk 0:01:49]} 40. Ra6 {
[%clk 0:05:20]} 40... Rb5 {[%clk 0:02:16]} 41. Kg2 {[%clk 0:00:59]} 41... Kc4 {
[%clk 0:19:12]} 42. Ra7 {[%clk 0:27:14]} 42... Kb3 {[%clk 0:11:05]} 43. Rxg7 {
[%clk 0:27:04]} 43... a4 {[%clk 0:11:20]} 44. Ra7 {[%clk 0:27:19]} 44... a3 {
[%clk 0:11:09]} 45. f4 {[%clk 0:27:31]} 45... a2 {[%clk 0:11:22]} 46. g4 {
[%clk 0:27:22]} 46... Rb4 {[%clk 0:04:44]} 47. Rxa2 {[%clk 0:27:06]} 47... Kxa2
{[%clk 0:05:11]} 48. Kg3 {[%clk 0:27:24]} 48... hxg4 {[%clk 0:05:34]} 49. hxg4
{[%clk 0:26:11]} 49... Kb3 {[%clk 0:05:48]} 50. g5 {[%clk 0:26:17]} 50... Kc4 {
[%clk 0:05:36]} 51. Kg4 {[%clk 0:26:17]} 51... Kd5 {[%clk 0:05:57]} 52. g6 {
[%clk 0:25:26]} 52... Ke6 {[%clk 0:05:57]} 53. Kg5 {[%clk 0:25:51]} 53... Rb5+
{[%clk 0:05:24]} 54. Kh6 {[%clk 0:26:07]} 54... Kf6 {[%clk 0:05:48]} 0-1

[Event "DEM U18 2018"]
[Site "Willingen GER"]
[Date "2018.05.20"]
[Round "1"]
[White "Nothnagel, Marian Can"]
[Black "Schlick, Stefan"]
[Result "1-0"]
[Termination "normal"]
[Board "10"]
[WhiteElo "2317"]
[BlackElo "1970"]
[WhiteClock "00:28:46"]
[BlackClock "00:29:14"]
[PlyCount "95"]
[WhiteFideId "12921530"]
[BlackFideId "16211332"]
[EventCountry "GER"]
[EventRounds "9"]
[EventType "swiss"]
[EventDate "2018.05.19"]

1. e4 {[%clk 1:30:57]} 1... e5 {[%clk 1:30:52]} 2. Nf3 {[%clk 1:31:22]} 2...
Nc6 {[%clk 1:31:17]} 3. Bb5 {[%clk 1:31:48]} 3... Nf6 {[%clk 1:30:53]} 4. d3 {
[%clk 1:31:46]} 4... Bc5 {[%clk 1:30:55]} 5. Bxc6 {[%clk 1:32:06]} 5... dxc6 {
[%clk 1:28:49]} 6. Nbd2 {[%clk 1:31:44]} 6... Bd6 {[%clk 1:26:27]} 7. Nc4 {
[%clk 1:28:17]} 7... Nd7 {[%clk 1:24:13]} 8. Qe2 {[%clk 1:27:48]} 8... Qe7 {
[%clk 1:22:21]} 9. Bd2 {[%clk 1:25:49]} 9... Nf8 {[%clk 1:15:57]} 10. Bc3 {
[%clk 1:11:39]} 10... Ng6 {[%clk 1:07:41]} 11. g3 {[%clk 1:11:23]} 11... f6 {
[%clk 0:56:19]} 12. h4 {[%clk 1:09:40]} 12... h5 {[%clk 0:49:11]} 13. Nfd2 {
[%clk 1:03:44]} 13... Be6 {[%clk 0:39:46]} 14. a3 {[%clk 1:01:53]} 14... c5 {
[%clk 0:38:24]} 15. Ne3 {[%clk 0:51:21]} 15... Qd7 {[%clk 0:38:26]} 16. O-O {
[%clk 0:38:31]} 16... O-O-O {[%clk 0:35:18]} 17. b4 {[%clk 0:38:44]} 17... Ne7
{[%clk 0:33:29]} 18. Ndc4 {[%clk 0:37:04]} 18... Nc6 {[%clk 0:23:17]} 19. f3 {
[%clk 0:27:53]} 19... Rdg8 {[%clk 0:22:12]} 20. Kh2 {[%clk 0:25:56]} 20... g5 {
[%clk 0:20:12]} 21. Ng2 {[%clk 0:25:41]} 21... Rh7 {[%clk 0:15:07]} 22. Rg1 {
[%clk 0:25:26]} 22... Rhg7 {[%clk 0:14:12]} 23. Qf2 {[%clk 0:16:28]} 23... Be7
{[%clk 0:07:59]} 24. hxg5 {[%clk 0:09:36]} 24... Rxg5 {[%clk 0:06:50]} 25. Nh4
{[%clk 0:09:58]} 25... Nd4 {[%clk 0:05:59]} 26. Ne3 {[%clk 0:08:09]} 26... Bd6
{[%clk 0:06:10]} 27. Bd2 {[%clk 0:06:54]} 27... R5g7 {[%clk 0:05:14]} 28. c3 {
[%clk 0:06:58]} 28... Nb3 {[%clk 0:03:19]} 29. Rad1 {[%clk 0:07:19]} 29... Qc6
{[%clk 0:02:26]} 30. Nef5 {[%clk 0:07:15]} 30... Rd7 {[%clk 0:02:11]} 31. Be3 {
[%clk 0:05:24]} 31... Bf8 {[%clk 0:02:09]} 32. c4 {[%clk 0:05:00]} 32... Rh7 {
[%clk 0:01:46]} 33. Rb1 {[%clk 0:03:17]} 33... Nd4 {[%clk 0:02:05]} 34. Bxd4 {
[%clk 0:04:14]} 34... cxd4 {[%clk 0:02:26]} 35. Qc2 {[%clk 0:03:46]} 35... Bh6
{[%clk 0:02:27]} 36. c5 {[%clk 0:03:27]} 36... Qe8 {[%clk 0:02:17]} 37. b5 {
[%clk 0:03:28]} 37... b6 {[%clk 0:01:34]} 38. cxb6 {[%clk 0:03:53]} 38... Kb7 {
[%clk 0:01:23]} 39. bxc7 {[%clk 0:03:49]} 39... Qd7 {[%clk 0:01:07]} 40. Qa4 {
[%clk 0:02:15]} 40... Kxc7 {[%clk 0:01:32]} 41. Qxa7+ {[%clk 0:01:57]} 41...
Kd8 {[%clk 0:01:53]} 42. Qa8+ {[%clk 0:28:33]} 42... Qc8 {[%clk 0:31:50]} 43.
Qa5+ {[%clk 0:28:55]} 43... Qc7 {[%clk 0:31:34]} 44. b6 {[%clk 0:28:49]} 44...
Qb8 {[%clk 0:31:11]} 45. b7+ {[%clk 0:28:49]} 45... Ke8 {[%clk 0:31:09]} 46.
Rb6 {[%clk 0:28:23]} 46... Bxf5 {[%clk 0:29:04]} 47. Nxf5 {[%clk 0:28:46]}
47... Rxb7 {[%clk 0:29:14]} 48. Rxb7 1-0

[Event "DEM U18 2018"]
[Site "Willingen GER"]
[Date "2018.05.20"]
[Round "1"]
[White "Gelman, Josef"]
[Black "Rieß, Alexander"]
[Result "1/2-1/2"]
[Termination "normal"]
[Board "11"]
[BlackTitle "FM"]
[WhiteElo "1962"]
[BlackElo "2279"]
[WhiteClock "00:37:28"]
[BlackClock "00:14:56"]
[PlyCount "108"]
[WhiteFideId "12959642"]
[BlackFideId "12953326"]
[EventCountry "GER"]
[EventRounds "9"]
[EventType "swiss"]
[EventDate "2018.05.19"]

1. d4 {[%clk 1:30:59]} 1... Nf6 {[%clk 1:30:46]} 2. Bg5 {[%clk 1:31:25]} 2...
e6 {[%clk 1:29:36]} 3. e4 {[%clk 1:31:51]} 3... h6 {[%clk 1:29:30]} 4. Bxf6 {
[%clk 1:32:16]} 4... Qxf6 {[%clk 1:29:46]} 5. Nf3 {[%clk 1:32:20]} 5... d6 {
[%clk 1:28:33]} 6. e5 {[%clk 1:31:58]} 6... Qd8 {[%clk 1:23:39]} 7. Nbd2 {
[%clk 1:30:48]} 7... Be7 {[%clk 1:15:03]} 8. Bd3 {[%clk 1:26:56]} 8... Nc6 {
[%clk 1:08:40]} 9. O-O {[%clk 1:26:16]} 9... O-O {[%clk 1:01:42]} 10. a3 {
[%clk 1:24:53]} 10... f5 {[%clk 0:55:30]} 11. exf6 {[%clk 1:22:28]} 11... Bxf6
{[%clk 0:53:56]} 12. c3 {[%clk 1:22:31]} 12... e5 {[%clk 0:52:48]} 13. dxe5 {
[%clk 1:22:02]} 13... Nxe5 {[%clk 0:51:42]} 14. Nxe5 {[%clk 1:21:12]} 14...
Bxe5 {[%clk 0:52:03]} 15. Qh5 {[%clk 1:20:43]} 15... Qg5 {[%clk 0:48:49]} 16.
Qxg5 {[%clk 1:20:35]} 16... hxg5 {[%clk 0:49:11]} 17. Nc4 {[%clk 1:13:45]}
17... Bf6 {[%clk 0:47:43]} 18. Ne3 {[%clk 1:13:15]} 18... c6 {[%clk 0:46:12]}
19. Nf5 {[%clk 1:10:21]} 19... Rd8 {[%clk 0:41:45]} 20. Rae1 {[%clk 1:09:37]}
20... Kf7 {[%clk 0:30:30]} 21. Re2 {[%clk 1:09:15]} 21... g6 {[%clk 0:28:48]}
22. Ne3 {[%clk 1:07:02]} 22... d5 {[%clk 0:25:32]} 23. Rd1 {[%clk 0:57:36]}
23... Re8 {[%clk 0:22:41]} 24. h3 {[%clk 0:55:27]} 24... Bd7 {[%clk 0:19:56]}
25. Ng4 {[%clk 0:54:33]} 25... Rxe2 {[%clk 0:17:38]} 26. Bxe2 {[%clk 0:54:56]}
26... Bg7 {[%clk 0:18:00]} 27. Bd3 {[%clk 0:53:40]} 27... b5 {[%clk 0:14:40]}
28. Re1 {[%clk 0:53:08]} 28... a5 {[%clk 0:11:58]} 29. Ne5+ {[%clk 0:51:54]}
29... Bxe5 {[%clk 0:12:20]} 30. Rxe5 {[%clk 0:52:20]} 30... Kf6 {[%clk 0:12:34]
} 31. Re3 {[%clk 0:48:50]} 31... Bf5 {[%clk 0:12:23]} 32. Rf3 {[%clk 0:42:44]}
32... Ke5 {[%clk 0:11:34]} 33. Re3+ {[%clk 0:43:03]} 33... Kf6 {[%clk 0:11:04]}
34. Rf3 {[%clk 0:43:28]} 34... Ke5 {[%clk 0:11:14]} 35. Re3+ {[%clk 0:43:55]}
35... Kd6 {[%clk 0:09:05]} 36. Bxf5 {[%clk 0:40:46]} 36... gxf5 {[%clk 0:09:33]
} 37. Rg3 {[%clk 0:41:02]} 37... Rg8 {[%clk 0:09:48]} 38. f4 {[%clk 0:40:10]}
38... g4 {[%clk 0:09:58]} 39. b4 {[%clk 0:37:44]} 39... axb4 {[%clk 0:09:16]}
40. axb4 {[%clk 0:37:45]} 40... c5 {[%clk 0:08:24]} 41. bxc5+ {[%clk 0:32:21]}
41... Kxc5 {[%clk 0:08:46]} 42. Kf2 {[%clk 0:30:22]} 42... d4 {[%clk 0:07:21]}
43. hxg4 {[%clk 0:24:40]} 43... fxg4 {[%clk 0:04:29]} 44. Ke2 {[%clk 0:21:21]}
44... Kc4 {[%clk 0:00:39]} 45. cxd4 {[%clk 0:20:08]} 45... Kxd4 {[%clk 0:00:46]
} 46. Rb3 {[%clk 0:18:21]} 46... Kc4 {[%clk 0:28:08]} 47. Rg3 {[%clk 0:49:10]}
47... b4 {[%clk 0:26:12]} 48. Kd2 {[%clk 0:48:03]} 48... b3 {[%clk 0:24:38]}
49. Kc1 {[%clk 0:46:38]} 49... Re8 {[%clk 0:13:55]} 50. Rxg4 {[%clk 0:39:44]}
50... Re1+ {[%clk 0:13:51]} 51. Kb2 {[%clk 0:36:24]} 51... Re2+ {[%clk 0:14:13]
} 52. Kb1 {[%clk 0:36:36]} 52... Re1+ {[%clk 0:14:10]} 53. Kb2 {[%clk 0:37:02]}
53... Re2+ {[%clk 0:14:32]} 54. Kb1 {[%clk 0:37:28]} 54... Re1+ {[%clk 0:14:56]
} 1/2-1/2

[Event "DEM U18 2018"]
[Site "Willingen GER"]
[Date "2018.05.20"]
[Round "1"]
[White "Polster, Christian"]
[Black "Schmohel, Andreas"]
[Result "1-0"]
[Termination "normal"]
[Board "12"]
[WhiteTitle "FM"]
[WhiteElo "2289"]
[BlackElo "1782"]
[WhiteClock "00:50:37"]
[BlackClock "00:04:30"]
[PlyCount "61"]
[WhiteFideId "12965081"]
[BlackFideId "16228006"]
[EventCountry "GER"]
[EventRounds "9"]
[EventType "swiss"]
[EventDate "2018.05.19"]

1. e4 {[%clk 1:30:56]} 1... e5 {[%clk 1:30:54]} 2. Bc4 {[%clk 1:30:27]} 2...
Nf6 {[%clk 1:31:15]} 3. Nf3 {[%clk 1:30:05]} 3... Nc6 {[%clk 1:31:16]} 4. Ng5 {
[%clk 1:30:01]} 4... d5 {[%clk 1:31:10]} 5. exd5 {[%clk 1:30:23]} 5... Na5 {
[%clk 1:31:31]} 6. Bb5+ {[%clk 1:30:46]} 6... c6 {[%clk 1:31:48]} 7. dxc6 {
[%clk 1:31:07]} 7... bxc6 {[%clk 1:32:14]} 8. Qf3 {[%clk 1:31:14]} 8... Be7 {
[%clk 1:31:28]} 9. Bd3 {[%clk 1:30:18]} 9... h6 {[%clk 1:29:58]} 10. Ne4 {
[%clk 1:27:17]} 10... Nd5 {[%clk 1:29:12]} 11. b3 {[%clk 1:24:14]} 11... O-O {
[%clk 1:22:48]} 12. Ng3 {[%clk 1:23:10]} 12... Nf4 {[%clk 0:59:33]} 13. Bb2 {
[%clk 1:20:08]} 13... Nxd3+ {[%clk 0:52:15]} 14. Qxd3 {[%clk 1:20:26]} 14...
Qxd3 {[%clk 0:52:23]} 15. cxd3 {[%clk 1:20:51]} 15... Re8 {[%clk 0:40:45]} 16.
Bc3 {[%clk 1:18:45]} 16... Nb7 {[%clk 0:36:34]} 17. O-O {[%clk 1:18:03]} 17...
Bc5 {[%clk 0:35:16]} 18. Re1 {[%clk 1:17:44]} 18... Be6 {[%clk 0:16:36]} 19.
Rxe5 {[%clk 1:10:28]} 19... Rad8 {[%clk 0:14:58]} 20. Re1 {[%clk 1:06:32]}
20... Bg4 {[%clk 0:08:29]} 21. Re4 {[%clk 1:01:08]} 21... f5 {[%clk 0:07:21]}
22. Rxe8+ {[%clk 0:53:04]} 22... Rxe8 {[%clk 0:07:44]} 23. Kf1 {[%clk 0:53:15]}
23... Nd6 {[%clk 0:05:19]} 24. f3 {[%clk 0:53:13]} 24... f4 {[%clk 0:04:44]}
25. Ne4 {[%clk 0:53:36]} 25... Nxe4 {[%clk 0:04:57]} 26. dxe4 {[%clk 0:53:59]}
26... Bc8 {[%clk 0:05:08]} 27. d4 {[%clk 0:53:50]} 27... Ba6+ {[%clk 0:05:14]}
28. Ke1 {[%clk 0:54:07]} 28... Be7 {[%clk 0:05:17]} 29. Nd2 {[%clk 0:53:45]}
29... Bh4+ {[%clk 0:05:22]} 30. Kd1 {[%clk 0:53:47]} 30... Bd3 {[%clk 0:04:30]}
31. Rc1 {[%clk 0:50:37]} 1-0

[Event "DEM U18 2018"]
[Site "Willingen GER"]
[Date "2018.05.20"]
[Round "1"]
[White "Focke, Adrian"]
[Black "Pallas, Sebastian"]
[Result "0-1"]
[Termination "normal"]
[Board "13"]
[WhiteElo "1775"]
[BlackElo "2291"]
[WhiteClock "00:07:05"]
[BlackClock "00:05:05"]
[PlyCount "68"]
[WhiteFideId "12969869"]
[BlackFideId "12905453"]
[EventCountry "GER"]
[EventRounds "9"]
[EventType "swiss"]
[EventDate "2018.05.19"]

1. e4 {[%clk 1:30:50]} 1... c5 {[%clk 1:30:44]} 2. Nf3 {[%clk 1:30:57]} 2... d6
{[%clk 1:30:54]} 3. d4 {[%clk 1:30:30]} 3... cxd4 {[%clk 1:31:08]} 4. Nxd4 {
[%clk 1:30:57]} 4... Nf6 {[%clk 1:31:04]} 5. Nc3 {[%clk 1:29:48]} 5... a6 {
[%clk 1:30:45]} 6. Bc4 {[%clk 1:27:46]} 6... e6 {[%clk 1:29:42]} 7. Bb3 { [%clk
1:26:56]} 7... b5 {[%clk 1:27:39]} 8. Bg5 {[%clk 1:25:04]} 8... Be7 { [%clk
1:18:13]} 9. Qf3 {[%clk 1:16:11]} 9... Qc7 {[%clk 1:13:33]} 10. e5 { [%clk
1:14:20]} 10... Bb7 {[%clk 1:01:58]} 11. exd6 {[%clk 1:12:33]} 11... Bxd6
{[%clk 1:01:52]} 12. Qe3 {[%clk 1:11:38]} 12... Qe7 {[%clk 0:49:55]} 13. O-O {
[%clk 1:01:12]} 13... O-O {[%clk 0:46:29]} 14. Rad1 {[%clk 0:57:39]} 14... Rd8
{[%clk 0:39:49]} 15. Rfe1 {[%clk 0:50:56]} 15... Nc6 {[%clk 0:36:12]} 16. Nxc6
{[%clk 0:39:36]} 16... Bxc6 {[%clk 0:36:35]} 17. Ne2 {[%clk 0:35:02]} 17... Bc5
{[%clk 0:20:41]} 18. Qe5 {[%clk 0:32:01]} 18... Qa7 {[%clk 0:15:06]} 19. Bxf6 {
[%clk 0:26:22]} 19... Bxf2+ {[%clk 0:15:17]} 20. Kf1 {[%clk 0:26:08]} 20...
Bxe1 {[%clk 0:12:49]} 21. Rxe1 {[%clk 0:21:26]} 21... gxf6 {[%clk 0:12:59]} 22.
Qxf6 {[%clk 0:21:38]} 22... Qc5 {[%clk 0:11:46]} 23. Bxe6 {[%clk 0:11:55]}
23... fxe6 {[%clk 0:11:30]} 24. Qxe6+ {[%clk 0:12:08]} 24... Kg7 { [%clk
0:11:54]} 25. Nf4 {[%clk 0:08:48]} 25... Qc4+ {[%clk 0:07:58]} 26. Qxc4 { [%clk
0:09:07]} 26... bxc4 {[%clk 0:08:26]} 27. Ne6+ {[%clk 0:09:16]} 27... Kf6
{[%clk 0:08:53]} 28. Nxd8 {[%clk 0:09:37]} 28... Rxd8 {[%clk 0:09:21]} 29. g3 {
[%clk 0:08:52]} 29... Rd2 {[%clk 0:06:27]} 30. Re2 {[%clk 0:08:00]} 30... Rxe2
{[%clk 0:04:34]} 31. Kxe2 {[%clk 0:08:28]} 31... Ke5 {[%clk 0:04:56]} 32. b3 {
[%clk 0:06:55]} 32... Kd4 {[%clk 0:04:33]} 33. Kd2 {[%clk 0:06:36]} 33... c3+ {
[%clk 0:04:46]} 34. Ke2 {[%clk 0:07:05]} 34... Be4 {[%clk 0:05:05]} 0-1

[Event "DEM U18 2018"]
[Site "Willingen GER"]
[Date "2018.05.20"]
[Round "1"]
[White "Herbrig, Alexander"]
[Black "Zimmer, Luca"]
[Result "1-0"]
[Termination "normal"]
[Board "14"]
[WhiteElo "2270"]
[BlackElo "1633"]
[WhiteClock "00:29:24"]
[BlackClock "00:05:25"]
[PlyCount "33"]
[WhiteFideId "12952044"]
[BlackFideId "12921424"]
[EventCountry "GER"]
[EventRounds "9"]
[EventType "swiss"]
[EventDate "2018.05.19"]

1. e4 e6 2. d4 d5 3. Nc3 Bb4 4. e5 c5 5. a3 Bxc3+ 6. bxc3 Ne7 7. Qg4 O-O 8. Bd3
Nbc6 9. Nf3 {[%clk 1:30:47]} 9... Qc7 {[%clk 1:26:22]} 10. Bg5 {[%clk 1:18:39]}
10... Ng6 {[%clk 0:46:48]} 11. h4 {[%clk 0:54:53]} 11... cxd4 {[%clk 0:45:23]}
12. cxd4 {[%clk 0:53:34]} 12... f6 {[%clk 0:19:38]} 13. Bxg6 {[%clk 0:51:41]}
13... hxg6 {[%clk 0:18:47]} 14. h5 {[%clk 0:37:31]} 14... Ne7 {[%clk 0:11:05]}
15. Bd2 {[%clk 0:29:39]} 15... fxe5 {[%clk 0:08:34]} 16. hxg6 {[%clk 0:29:04]}
16... Qxc2 {[%clk 0:05:25]} 17. Rh8+ {[%clk 0:29:24]} 1-0

[Event "DEM U18 2018"]
[Site "Willingen GER"]
[Date "2018.05.20"]
[Round "2"]
[White "Parvanyan, Ashot"]
[Black "Muckle, Julius"]
[Result "1-0"]
[Termination "normal"]
[Board "1"]
[WhiteTitle "FM"]
[BlackTitle "FM"]
[WhiteElo "2413"]
[BlackElo "2344"]
[WhiteClock "00:00:35"]
[BlackClock "00:00:38"]
[PlyCount "181"]
[WhiteFideId "13307550"]
[BlackFideId "12942430"]
[EventCountry "GER"]
[EventRounds "9"]
[EventType "swiss"]
[EventDate "2018.05.19"]

1. Nf3 {[%clk 1:30:47]} 1... d5 {[%clk 1:30:57]} 2. g3 {[%clk 1:29:17]} 2... c6
{[%clk 1:31:21]} 3. Bg2 {[%clk 1:29:42]} 3... Nf6 {[%clk 1:31:47]} 4. O-O {
[%clk 1:29:28]} 4... Bf5 {[%clk 1:32:01]} 5. c4 {[%clk 1:26:54]} 5... e6 {
[%clk 1:32:26]} 6. cxd5 {[%clk 1:26:34]} 6... exd5 {[%clk 1:32:50]} 7. d3 {
[%clk 1:27:00]} 7... Na6 {[%clk 1:33:03]} 8. Nbd2 {[%clk 1:23:40]} 8... Be7 {
[%clk 1:31:06]} 9. b3 {[%clk 1:23:44]} 9... O-O {[%clk 1:31:05]} 10. Bb2 {
[%clk 1:24:06]} 10... Re8 {[%clk 1:27:17]} 11. Rc1 {[%clk 1:23:28]} 11... Nc7 {
[%clk 1:18:36]} 12. Re1 {[%clk 1:15:24]} 12... Bb4 {[%clk 1:12:32]} 13. a3 {
[%clk 1:13:30]} 13... Bf8 {[%clk 1:11:52]} 14. Rc2 {[%clk 1:00:42]} 14... a5 {
[%clk 0:59:49]} 15. Qa1 {[%clk 0:56:50]} 15... a4 {[%clk 0:56:24]} 16. b4 {
[%clk 0:56:44]} 16... Nb5 17. Nd4 {[%clk 0:50:19]} 17... Nxd4 {[%clk 0:54:21]}
18. Bxd4 {[%clk 0:49:59]} 18... Rc8 {[%clk 0:51:37]} 19. Rcc1 {[%clk 0:47:45]}
19... Nd7 {[%clk 0:40:14]} 20. Qb2 {[%clk 0:26:26]} 20... b6 {[%clk 0:37:48]}
21. Bc3 {[%clk 0:22:51]} 21... Be6 {[%clk 0:37:14]} 22. Qc2 {[%clk 0:19:21]}
22... c5 {[%clk 0:27:50]} 23. b5 {[%clk 0:17:59]} 23... Nf6 {[%clk 0:26:43]}
24. Bb2 {[%clk 0:11:39]} 24... Ra8 {[%clk 0:24:33]} 25. e4 {[%clk 0:10:55]}
25... dxe4 {[%clk 0:18:52]} 26. dxe4 {[%clk 0:11:14]} 26... Ra5 {[%clk 0:18:35]
} 27. Bc3 {[%clk 0:07:35]} 27... Ra7 {[%clk 0:15:01]} 28. Bb2 {[%clk 0:04:44]}
28... Qd7 {[%clk 0:13:20]} 29. Bf1 {[%clk 0:04:29]} 29... Rd8 {[%clk 0:09:12]}
30. Rcd1 {[%clk 0:00:44]} 30... Qe8 {[%clk 0:08:39]} 31. Bc4 {[%clk 0:00:32]}
31... Rad7 {[%clk 0:07:36]} 32. Bxf6 {[%clk 0:00:42]} 32... gxf6 { [%clk
0:08:00]} 33. Bd5 {[%clk 0:01:08]} 33... Re7 {[%clk 0:04:58]} 34. Bc6 { [%clk
0:00:34]} 34... Bd7 {[%clk 0:05:17]} 35. Qxa4 {[%clk 0:00:33]} 35... Bxc6
{[%clk 0:05:30]} 36. bxc6 {[%clk 0:01:00]} 36... Rc7 {[%clk 0:05:38]} 37. Nc4 {
[%clk 0:00:44]} 37... Ra8 {[%clk 0:05:18]} 38. Qb3 {[%clk 0:00:32]} 38... Rxc6
{[%clk 0:05:39]} 39. Qf3 {[%clk 0:00:32]} 39... b5 {[%clk 0:05:03]} 40. Ne3 {
[%clk 0:00:34]} 40... Rxa3 {[%clk 0:03:23]} 41. Qg4+ {[%clk 0:26:06]} 41... Kh8
{[%clk 0:33:51]} 42. Rd5 {[%clk 0:26:00]} 42... Ra4 {[%clk 0:20:24]} 43. f3 {
[%clk 0:17:05]} 43... Rca6 {[%clk 0:19:30]} 44. Nf5 {[%clk 0:09:55]} 44... Ra1
{[%clk 0:19:35]} 45. Rxa1 {[%clk 0:10:15]} 45... Rxa1+ {[%clk 0:20:04]} 46. Kg2
{[%clk 0:10:40]} 46... b4 {[%clk 0:15:21]} 47. Rxc5 {[%clk 0:05:44]} 47... b3 {
[%clk 0:14:44]} 48. Qh4 {[%clk 0:04:34]} 48... Ra6 {[%clk 0:14:06]} 49. Rc7 {
[%clk 0:04:19]} 49... Rb6 {[%clk 0:10:57]} 50. Qh5 {[%clk 0:02:39]} 50... b2 {
[%clk 0:02:54]} 51. Rxf7 {[%clk 0:02:56]} 51... Bg7 {[%clk 0:03:21]} 52. Rc7 {
[%clk 0:01:32]} 52... Qg8 {[%clk 0:02:48]} 53. Rxg7 {[%clk 0:00:36]} 53... Qxg7
{[%clk 0:03:10]} 54. Nxg7 {[%clk 0:00:59]} 54... b1=Q {[%clk 0:02:32]} 55. Nf5
{[%clk 0:00:32]} 55... Qa2+ {[%clk 0:01:45]} 56. Kh3 {[%clk 0:00:58]} 56... Qg8
{[%clk 0:01:37]} 57. Qh6 {[%clk 0:00:33]} 57... Qf7 {[%clk 0:02:05]} 58. Qd2 {
[%clk 0:00:34]} 58... Rb8 {[%clk 0:02:09]} 59. Qd6 {[%clk 0:00:34]} 59... Qf8 {
[%clk 0:01:28]} 60. Qxf8+ {[%clk 0:00:35]} 60... Rxf8 {[%clk 0:01:56]} 61. Kg4
{[%clk 0:00:36]} 61... Ra8 {[%clk 0:02:05]} 62. Kf4 {[%clk 0:00:34]} 62... Kg8
{[%clk 0:01:56]} 63. g4 {[%clk 0:00:43]} 63... Kf7 {[%clk 0:01:50]} 64. h4 {
[%clk 0:00:59]} 64... Ra3 {[%clk 0:01:49]} 65. Ne3 {[%clk 0:00:35]} 65... Rd3 {
[%clk 0:01:43]} 66. Nd5 {[%clk 0:00:44]} 66... Ra3 {[%clk 0:01:56]} 67. g5 {
[%clk 0:00:39]} 67... fxg5+ {[%clk 0:02:11]} 68. hxg5 {[%clk 0:01:03]} 68...
Kg6 {[%clk 0:02:10]} 69. Ne7+ {[%clk 0:00:54]} 69... Kf7 {[%clk 0:02:11]} 70.
Nf5 {[%clk 0:00:52]} 70... Kg6 {[%clk 0:02:02]} 71. Kg4 {[%clk 0:00:57]} 71...
Ra4 {[%clk 0:02:12]} 72. Ne7+ {[%clk 0:00:34]} 72... Kf7 {[%clk 0:02:25]} 73.
Nd5 {[%clk 0:00:48]} 73... Kg6 {[%clk 0:01:52]} 74. Nf4+ {[%clk 0:00:50]} 74...
Kg7 {[%clk 0:01:34]} 75. Kf5 {[%clk 0:00:40]} 75... Ra3 {[%clk 0:01:05]} 76.
Nh5+ {[%clk 0:00:45]} 76... Kf7 {[%clk 0:01:31]} 77. f4 {[%clk 0:00:58]} 77...
Rh3 {[%clk 0:01:40]} 78. Nf6 {[%clk 0:01:12]} 78... Kg7 {[%clk 0:00:48]} 79.
Ng4 {[%clk 0:00:38]} 79... Ra3 {[%clk 0:00:45]} 80. e5 {[%clk 0:00:49]} 80...
Ra5 {[%clk 0:00:58]} 81. Nf6 {[%clk 0:01:02]} 81... Rb5 {[%clk 0:00:56]} 82.
Ne8+ {[%clk 0:00:47]} 82... Kf8 {[%clk 0:01:11]} 83. Nc7 {[%clk 0:00:53]} 83...
Rb7 {[%clk 0:01:03]} 84. Nd5 {[%clk 0:01:10]} 84... Rf7+ {[%clk 0:01:01]} 85.
Ke6 {[%clk 0:01:11]} 85... Rg7 {[%clk 0:01:00]} 86. Kd6 {[%clk 0:00:33]} 86...
Ra7 {[%clk 0:00:33]} 87. e6 {[%clk 0:00:35]} 87... Ra6+ {[%clk 0:00:38]} 88.
Kd7 Ra8 89. e7+ Kf7 90. Nc7 Rb8 91. f5 1-0